000
00251 a2200085 4500
999
_c
209066
_d
209066
020
_a
9780137692583
100
_a
Simonson, Michael...[et al.].
245
_a
Teaching and learning at a distance : foundations of distance education
260
_b
Merrill
_c
2000